| 000 | 00542nam#a22002175a#4500 | ||
|---|---|---|---|
| 001 | 2315 | ||
| 245 | 1 | 0 |
_aFantasmas / _cEduardo Berti ; compilador. |
| 250 | _a1ยช ed. | ||
| 260 |
_aBuenos Aires, 2013 : _badriana Hidalgo Editora, _c2013. |
||
| 300 |
_a546 p. ; _c22 cm. |
||
| 020 | _a9789871556236 | ||
| 100 | 1 | _aBerti, Eduardo. | |
| 080 | _a82-344 | ||
| 084 | _aF22 | ||
| 653 | _aNarrativa | ||
| 040 |
_aAR-ClEAG _cAR-ClEAG |
||
| 008 | 140527s2013####ag############000#0#und#d | ||
| 005 | 20241107184740.0 | ||
| 003 | AR-ClEAG | ||
| 942 | _cBK | ||
| 999 |
_c2315 _d2315 |
||
| 980 |
_62 _aEvangelina Gallicchio _82 _gEvangelina Gallicchio |
||